000
00196 a2200097 4500
001
1391
100
_a
Perry, C.C
245
_a
Strain gage primer
260
_a
_b
Mcgrawhill
_c
090
_c
940
_d
940
942
_a
NUST-CAE
_c
M
_c
36267
999
_c
236464
_d
236464